| 000 | 00826nas a2200253 4500 | ||
|---|---|---|---|
| 001 | BR2017002999 | ||
| 003 | BR-BrBNA | ||
| 005 | 20231205131130.0 | ||
| 007 | ta | ||
| 008 | 230509b bl.|||p| |||| 00| 00por d | ||
| 040 |
_aBR-BrBNA _bpor _cBiblioteca Nacional de Agricultura |
||
| 041 | _a(Pt) | ||
| 072 | _aL70 | ||
| 100 | 1 | _aSilva, A.N.E. | |
| 100 | 1 | _aRocha, M.C.A.M. | |
| 100 | 1 | _aLeite, R.B.R. | |
| 245 | 1 | _aTransfusão sanguínea emergencial em jabuti-piranga (Chelonoidis carbonaria)- Relato de caso | |
| 650 | _aJABUTI | ||
| 650 | _aVETERINÁRIA | ||
| 650 | _aTRANSFUSÃO SANGUÍNEA | ||
| 773 | 0 |
_tRevista de Educação Continuada em Medicina Veterinária e Zootecnia (Brazil) _xISSN 2179-6645 _g(2017), v. 15(3) p. 48-53 _wBR2017002999 |
|
| 909 |
_a202311 _bLúcia _c55 _dLúcia Elande |
||
| 942 |
_2AGRIS _n0 _cANA |
||
| 999 |
_c253183 _d253183 |
||